[Event "RUS"]
[Site "?"]
[Date "2006.04.20"]
[Round "1"]
[White "Movsesian Sergei"]
[Black "Shirov Alexei"]
[Result "1/2-1/2"]
[WhiteElo "2618"]
[BlackElo "2699"]
[PlyCount "156"]
[EventDate "2006.??.??"]
[Source "www.chesslib.no"]
[SourceDate "2004.05.04"]

1. e4 e6 2. d4 d5 3. Nc3 Bb4 4. Bd3 dxe4 5. Bxe4 Nf6 6. Bf3 O-O 7. Nge2 e5 8. Bg5 h6 9. Bh4 exd4 10. Qxd4 Qxd4 11. Nxd4 Re8+ 12. Kf1 Bxc3 13. bxc3 Ne4 14. Bxe4 Rxe4 15. Bg3 Na6 16. Rd1 Be6 17. f3 Bc4+ 18. Kf2 Ree8 19. Rd2 Bxa2 20. Nb3 Rad8 21. Rhd1 Rxd2+ 22. Rxd2 Re6 23. Rd8+ Kh7 24. Rd7 f6 25. Nd4 Re8 26. Nb3 b6 27. h4 h5 28. Bf4 Bxb3 29. cxb3 Nc5 30. Rxc7 a5 31. Rc6 Nxb3 32. Rxb6 Nc5 33. Kg3 Nd3 34. Ra6 Re2 35. Rxa5 Kg6 36. Bd6 Ne1 37. Kh3 Nxg2 38. c4 Ne3 39. c5 Nf5 40. Ra4 Rc2 41. Re4 Kf7 42. Rf4 Ke6 43. Bf8 Rc3 44. Bd6 Rc2 45. Bf8 g5 46. hxg5 fxg5 47. Re4+ Kd5 48. Re8 Rc3 49. Rd8+ Kc6 50. Kg2 Nh4+ 51. Kg1 Nxf3+ 52. Kf2 Ne5 53. Be7 Rf3+ 54. Ke2 g4 55. Rd6+ Kb7 56. Rb6+ Kc8 57. Bd6 Nc4 58. Rb8+ Kd7 59. Rb7+ Kc6 60. Rc7+ Kd5 61. Rh7 Rf5 62. Be7 Ne5 63. Rg7 Nc6 64. Bh4 Nd4+ 65. Ke3 Re5+ 66. Kd3 Ne6 67. c6 Kxc6 68. Rf7 Nc5+ 69. Kd4 Re4+ 70. Kc3 g3 71. Bxg3 Re3+ 72. Kc4 Rxg3 73. Rf6+ Kd7 74. Kxc5 Ke7 75. Rh6 Rg5+ 76. Kd4 Kf7 77. Ke4 Kg7 78. Ra6 h4 1/2-1/2

[Event "Beograd"]
[Site "?"]
[Date "1993.??.??"]
[Round "?"]
[White "Romanishin, O."]
[Black "Beliavsky, A."]
[Result "0-1"]
[WhiteElo "2615"]
[BlackElo "2635"]
[PlyCount "84"]
[EventDate "1993.??.??"]
[Source "ChessBase"]
[SourceDate "1993.10.01"]

1. e4 e6 2. d4 d5 3. Nc3 Bb4 4. Bd3 dxe4 5. Bxe4 Nf6 6. Bg5 Nbd7 7. Nge2 h6 8. Bxf6 Nxf6 9. Bf3 O-O 10. O-O c6 11. Ne4 Nxe4 12. Bxe4 Bd6 13. Qd3 f5 14. Bf3 e5 15. dxe5 Bxe5 16. Qc4+ Kh7 17. Rad1 Qf6 18. Nd4 Bd7 19. c3 Rae8 20. Qa4 a6 21. Nb3 Bc8 22. Qb4 Re7 23. Na5 g5 24. g3 g4 25. Bg2 f4 26. Rfe1 c5 27. Qa4 Kg7 28. Nb3 b6 29. Kh1 h5 30. Nd2 f3 31. Bf1 h4 32. Re4 hxg3 33. fxg3 Kh8 34. Bd3 f2 35. Rxg4 Bxg4 36. Qxg4 Qh6 37. Nf1 Rg7 38. Qe4 Bxg3 39. Nxg3 Rxg3 40. Qe5+ Rg7 41. Rf1 Qh4 42. Be2 Qh3 0-1

[Event "20th ECC"]
[Site "Izmir"]
[Date "2004.10.07"]
[Round "5"]
[White "Renet, Olivier"]
[Black "Ivanchuk, Vassily"]
[Result "1/2-1/2"]
[WhiteElo "2507"]
[BlackElo "2715"]
[PlyCount "101"]
[EventDate "2004.10.03"]
[Source "Roberto Alvarez"]
[SourceDate "2004.10.18"]

1. e4 e6 2. d4 d5 3. Nc3 Bb4 4. Bd3 dxe4 5. Bxe4 Nf6 6. Bd3 c5 7. Nf3 cxd4 8. Nxd4 e5 9. Nde2 Bg4 10. f3 Be6 11. a3 Be7 12. Be3 O-O 13. O-O Nbd7 14. Ng3 Bc5 15. Bf2 Bxf2+ 16. Rxf2 Qb6 17. Rb1 Rfd8 18. Qe1 Rac8 19. Kh1 a6 20. Bf5 Bxf5 21. Nxf5 Qe6 22. Ng3 Nb6 23. Re2 Nfd7 24. Nge4 Nf8 25. Nf2 Ng6 26. Nd3 f6 27. f4 Nc4 28. fxe5 Ngxe5 29. Nxe5 Nxe5 30. Rd1 Qc6 31. h3 h6 32. Ne4 Rxd1 33. Qxd1 Rc7 34. Nd6 b5 35. Rd2 Kh7 36. c3 Rd7 37. Rd4 Kg8 38. Kg1 Kf8 39. Qd2 h5 40. Kh1 Ke7 41. Nf5+ Kf8 42. Qd1 g6 43. Rxd7 Qxd7 44. Nd4 Qd5 45. a4 b4 46. Qd2 Nc6 47. Qe3 bxc3 48. bxc3 Ne5 49. Qh6+ Kf7 50. Qh7+ Kf8 51. Qh6+ 1/2-1/2

[Event "It (Men) La Roche Sur Yon FRA"]
[Site "?"]
[Date "2006.03.21"]
[Round "6"]
[White "Bauer Christian"]
[Black "Pelletier Yannick"]
[Result "1/2-1/2"]
[WhiteElo "2627"]
[BlackElo "2579"]
[PlyCount "53"]
[EventDate "2006.??.??"]
[Source "www.chesslib.no"]
[SourceDate "2004.05.04"]

1. Nc3 d5 2. e4 e6 3. d4 Bb4 4. Nge2 dxe4 5. a3 Bxc3+ 6. Nxc3 Nc6 7. d5 exd5 8. Qxd5 Nge7 9. Qxd8+ Nxd8 10. Nxe4 Bf5 11. Bd3 Ndc6 12. Bf4 O-O-O 13. O-O-O Rd4 14. Rhe1 Rhd8 15. f3 Bg6 16. Be3 R4d5 17. Nc3 R5d7 18. Bf1 Rxd1+ 19. Rxd1 Nf5 20. Rxd8+ Kxd8 21. Bf4 Nfd4 22. Nb5 Nxb5 23. Bxb5 Nd4 24. Bc4 Bxc2 25. Be5 Bb3 26. Bxd4 Bxc4 27. Bxg7 1/2-1/2

[Event "Moscow Alekhine Memorial"]
[Site "URS"]
[Date "1971.??.??"]
[Round "14"]
[White "Bronstein, David I"]
[Black "Hort, Vlastimil"]
[Result "1/2-1/2"]
[WhiteElo "2590"]
[BlackElo "2600"]
[PlyCount "57"]
[EventDate "1971.??.??"]
[Source "www.chesslib.no"]
[SourceDate "2004.05.04"]

1. e4 e6 2. d4 d5 3. Nc3 Bb4 4. a3 Bxc3+ 5. bxc3 dxe4 6. Qg4 Nf6 7. Qxg7 Rg8 8. Qh6 b6 9. Bg5 Rg6 10. Qh4 Bb7 11. f3 Nbd7 12. fxe4 h6 13. Bxf6 Qxf6 14. Qxf6 Nxf6 15. e5 Nd5 16. Bd3 Rxg2 17. Be4 Rg4 18. Bf3 Rf4 19. c4 Rxf3 20. Nxf3 Ne3 21. Kf2 Nxc2 22. Rad1 O-O-O 23. Rhg1 Bxf3 24. Kxf3 Nxd4+ 25. Ke4 Nf5 26. Rxd8+ Kxd8 27. Rg8+ Kd7 28. Ra8 a5 29. c5 1/2-1/2

[Event "Baden"]
[Site "Vienna"]
[Date "1980.??.??"]
[Round "5"]
[White "Gheorghiu, Florin"]
[Black "Miles, Anthony J"]
[Result "1/2-1/2"]
[WhiteElo "2605"]
[BlackElo "2545"]
[PlyCount "20"]
[EventDate "1980.??.??"]
[Source "ChessBase"]

1. d4 e6 2. e4 d5 3. Nc3 Bb4 4. Nge2 dxe4 5. a3 Be7 6. Nxe4 Nc6 7. Bf4 Nf6 8. Qd3 b6 9. O-O-O Bb7 10. N2c3 Qd7 1/2-1/2

[Event "Elista ol (Men)"]
[Site "Elista"]
[Date "1998.10.02"]
[Round "4"]
[White "Miladinovic, Igor"]
[Black "Atalik, Suat"]
[Result "1/2-1/2"]
[WhiteElo "2555"]
[BlackElo "2585"]
[PlyCount "25"]
[EventDate "1998.09.29"]
[Source "ChessBase"]
[SourceDate "1998.11.06"]

1. d4 e6 2. e4 d5 3. Nc3 Bb4 4. Nge2 Nc6 5. a3 Ba5 6. Be3 Nge7 7. g3 e5 8. Bg2 Bg4 9. f3 Bh5 10. dxe5 dxe4 11. f4 Nf5 12. Bc5 Bf3 13. O-O 1/2-1/2

[Event "Yerevan ARM"]
[Site "?"]
[Date "1996.09.18"]
[Round "3"]
[White "Djuric Stefan YUG"]
[Black "Huzman Alexander ISR"]
[Result "1/2-1/2"]
[WhiteElo "2560"]
[BlackElo "2575"]
[PlyCount "82"]
[EventDate "1996.??.??"]
[Source "www.chesslib.no"]
[SourceDate "2004.05.04"]

1. e4 e6 2. d4 d5 3. Nc3 Bb4 4. Bd3 dxe4 5. Bxe4 Nf6 6. Bd3 c5 7. Nf3 cxd4 8. Nxd4 e5 9. Nde2 Be6 10. O-O Nc6 11. a3 Bc5 12. Bg5 h6 13. Bxf6 Qxf6 14. Ne4 Qe7 15. Nxc5 Qxc5 16. b4 Qd6 17. Ng3 Rd8 18. Re1 O-O 19. Qh5 Qc7 20. Re3 a5 21. c3 Ne7 22. Rae1 Nd5 23. Qxe5 Qxe5 24. Rxe5 axb4 25. cxb4 Nxb4 26. axb4 Rxd3 27. Rb5 Rfd8 28. h3 Bd5 29. Nf5 Kf8 30. Rc5 Be6 31. Ree5 Rd1+ 32. Kh2 R1d2 33. Kg3 Rb2 34. Rb5 Rb3+ 35. Re3 Rb2 36. Rf3 Rd7 37. Rb6 Kg8 38. Nd6 Rc7 39. Rb5 Rc6 40. Nf5 Rc4 41. Rxb7 Rcxb4 1/2-1/2

[Event "Montreal2"]
[Site "Montreal"]
[Date "2000.08.06"]
[Round "4"]
[White "Miladinovic, Igor"]
[Black "Rozentalis, Eduardas"]
[Result "0-1"]
[WhiteElo "2563"]
[BlackElo "2570"]
[PlyCount "98"]
[EventDate "2000.08.03"]
[Source "ChessBase"]
[SourceDate "2000.11.21"]

1. d4 e6 2. e4 d5 3. Nc3 Bb4 4. Qg4 dxe4 5. Qxg7 Qf6 6. Qg3 Nc6 7. Bb5 Nge7 8. Nge2 Bd7 9. Bg5 Qf5 10. Bxe7 Bxe7 11. Qxc7 Rc8 12. Qf4 Qxf4 13. Nxf4 a6 14. Bxc6 Bxc6 15. Nd1 Bg5 16. Nh3 Bf6 17. c3 e5 18. dxe5 Bxe5 19. Ne3 Bd7 20. O-O-O Rg8 21. Rhe1 Be6 22. Nf1 Rxg2 23. Rxe4 Bxc3 24. Ng3 Bf6+ 25. Kb1 Rd8 26. Rde1 Rd2 27. R4e2 Rxe2 28. Rxe2 Kd7 29. Rd2+ Kc6 30. Nf4 Rg1+ 31. Kc2 Bxa2 32. Nd3 Bb1+ 33. Kb3 a5 34. Ne4 Bg7 35. Nc3 b5 36. Nxb1 Rxb1 37. Kc2 Rh1 38. f4 a4 39. Ne5+ Bxe5 40. fxe5 b4 41. Rf2 Kc5 42. Rxf7 Rxh2+ 43. Kc1 Rh1+ 44. Kc2 b3+ 45. Kc3 Rh3+ 46. Kd2 Rh2+ 47. Kc3 Rc2+ 48. Kd3 Rxb2 49. Ra7 Rg2 0-1

[Event "URS-ch39"]
[Site "Leningrad"]
[Date "1971.10.06"]
[Round "15"]
[White "Tal, Mihail"]
[Black "Lein, Anatoly"]
[Result "1-0"]
[WhiteElo "2620"]
[BlackElo "2510"]
[PlyCount "121"]
[EventDate "1971.09.15"]
[Source "ChessBase"]

1. e4 e6 2. d4 d5 3. Nc3 Bb4 4. Bd3 dxe4 5. Bxe4 Nf6 6. Bg5 Nbd7 7. Bf3 c5 8. dxc5 Qa5 9. Qd3 Nxc5 10. Qc4 Na4 11. Bd2 Nd5 12. Nge2 O-O 13. a3 Naxc3 14. Nxc3 Bxc3 15. bxc3 Bd7 16. Qd4 Rac8 17. O-O Qa4 18. Rfc1 Bc6 19. Rab1 b6 20. c4 Ne7 21. Be2 Rfd8 22. Qf4 Ng6 23. Qe3 Bb7 24. Bc3 Qc6 25. Bf1 Ba6 26. Rb4 Rd7 27. Be2 Bb7 28. f3 Qc5 29. Qxc5 Rxc5 30. Rbb1 f6 31. Rd1 Rcc7 32. Rxd7 Rxd7 33. a4 Kf7 34. Kf2 Nf4 35. Bf1 e5 36. a5 bxa5 37. Ra1 Rc7 38. Rxa5 Bc8 39. Bb4 Bf5 40. Bd6 Rb7 41. Rb5 Rb6 42. Bc5 Rc6 43. Bxa7 Ra6 44. Be3 Bxc2 45. Bxf4 exf4 46. c5 Rc6 47. Bc4+ Ke7 48. Ke2 Rc7 49. Kd2 Ba4 50. Ra5 Bc6 51. Kc3 g5 52. Ra2 h5 53. Re2+ Kf8 54. Re6 Kg7 55. Kd4 Rd7+ 56. Rd6 Rc7 57. Bd5 Bxd5 58. Kxd5 Re7 59. c6 Re5+ 60. Kc4 Re1 61. Kd3 1-0

[Event "34. TCh-GRE"]
[Site "?"]
[Date "2005.07.08"]
[Round "5"]
[White "Bojkov Dejan"]
[Black "Izoria Zviad"]
[Result "1-0"]
[WhiteElo "2522"]
[BlackElo "2606"]
[PlyCount "61"]
[EventDate "2005.??.??"]
[Source "www.chesslib.no"]
[SourceDate "2004.05.04"]

1. e4 e6 2. d4 d5 3. Nc3 Bb4 4. Qg4 Nf6 5. Qxg7 Rg8 6. Qh6 Rg6 7. Qe3 Nxe4 8. Bd3 f5 9. Bxe4 fxe4 10. Nge2 Nc6 11. Nf4 Rg8 12. Bd2 Qg5 13. O-O-O Bd7 14. Nfxd5 Qxe3 15. Nxe3 Nxd4 16. Nxe4 Be7 17. Rhe1 O-O-O 18. Bc3 Nf5 19. Bf6 Bc6 20. Bxe7 Rxd1+ 21. Nxd1 Nxe7 22. g3 h6 23. Nc5 Nf5 24. Rxe6 Nd4 25. Re3 Nf3 26. h4 Nh2 27. Nd3 Ng4 28. Re7 Kd8 29. Rf7 Bd5 30. Rf4 Ke7 31. Rxg4 1-0

[Event "Sao Paulo"]
[Site "Sao Paulo BRA"]
[Date "1979.??.??"]
[Round "?"]
[White "Ljubojevic, Ljubomir"]
[Black "Lein, Anatoly Y"]
[Result "1/2-1/2"]
[WhiteElo "2590"]
[BlackElo "2535"]
[PlyCount "53"]
[EventDate "1979.02.??"]
[Source "www.chesslib.no"]
[SourceDate "2004.05.04"]

1. e4 e6 2. d4 d5 3. Nc3 Bb4 4. Bd3 dxe4 5. Bxe4 Nf6 6. Bf3 c5 7. a3 Bxc3+ 8. bxc3 O-O 9. Ne2 Nbd7 10. Rb1 e5 11. Bxb7 Rb8 12. dxe5 Nxe5 13. Bf4 Rxb7 14. Rxb7 Qxd1+ 15. Kxd1 Bxb7 16. Bxe5 Ng4 17. Bg3 Bxg2 18. Re1 Bf3 19. Kc1 Re8 20. Kd2 Ne5 21. Bxe5 Rxe5 22. Nf4 Rxe1 23. Kxe1 Be4 24. Kd2 Kf8 25. Nd3 Bxd3 26. cxd3 Ke7 27. Ke3 1/2-1/2

[Event "Wichern Open 3rd"]
[Site "Hamburg GER"]
[Date "1995.??.??"]
[Round "8"]
[White "Hector, Jonny"]
[Black "Kindermann, Stefan E S"]
[Result "1/2-1/2"]
[WhiteElo "2540"]
[BlackElo "2585"]
[PlyCount "46"]
[EventDate "1995.09.??"]
[Source "www.chesslib.no"]
[SourceDate "2004.05.04"]

1. e4 e6 2. d4 d5 3. Nc3 Bb4 4. Qd3 Ne7 5. Bd2 O-O 6. a3 Bxc3 7. Bxc3 b6 8. Nh3 Ba6 9. Qe3 Bxf1 10. Rxf1 Nbc6 11. Rd1 dxe4 12. Qxe4 Qd5 13. Qxd5 Nxd5 14. Rd3 Rad8 15. Bd2 Nde7 16. Be3 Rd7 17. Ke2 Rfd8 18. Rfd1 Nf5 19. Kf1 Rd6 20. Ng5 Nfxd4 21. Ne4 Rd5 22. Nc3 R5d6 23. Ne4 Rd5 1/2-1/2

[Event "URS Spartakiad"]
[Site "URS"]
[Date "1979.??.??"]
[Round "?"]
[White "Lutikov, Anatoly S"]
[Black "Petrosian, Tigran V"]
[Result "0-1"]
[WhiteElo "2515"]
[BlackElo "2610"]
[PlyCount "104"]
[EventDate "1979.??.??"]
[Source "ChessBase"]

1. e4 e6 2. d4 d5 3. Nc3 Bb4 4. Bd3 dxe4 5. Bxe4 Nf6 6. Bg5 Nbd7 7. Qd3 c5 8. Nf3 cxd4 9. Qxd4 Qb6 10. Qxb6 Nxb6 11. O-O-O Bxc3 12. bxc3 Na4 13. Bxf6 gxf6 14. Kd2 Nb2 15. Rb1 Nc4+ 16. Ke2 Nd6 17. Bd3 Bd7 18. Rb4 Ke7 19. Rhb1 h6 20. Nd2 b6 21. Ba6 Bc8 22. Bxc8 Raxc8 23. R1b3 Rc7 24. Rh4 e5 25. Nf1 f5 26. f4 f6 27. Ne3 Ke6 28. g4 exf4 29. gxf5+ Ke5 30. Ng2 Rc4 31. Kf3 Rhc8 32. Nxf4 Rxc3+ 33. Nd3+ Kxf5 34. Rxh6 Nf7 35. Rh4 Ne5+ 36. Ke3 Rxc2 37. Nxe5 fxe5 38. Rh5+ Ke6 39. Rh6+ Kd5 40. Rd3+ Kc5 41. Re6 Kb4 42. a3+ Ka4 43. Rd7 R8c7 44. Rxc7 Rxc7 45. Rxe5 Rh7 46. Re4+ Kxa3 47. h4 b5 48. Re5 b4 49. Ra5+ Kb2 50. h5 b3 51. Kf4 Kc3 52. Kg5 Rb7 0-1

[Event "EUCup 17th"]
[Site "Panormo"]
[Date "2001.09.29"]
[Round "7"]
[White "Jakubiec, Artur"]
[Black "Lastin, Alexander"]
[Result "0-1"]
[WhiteElo "2497"]
[BlackElo "2628"]
[PlyCount "80"]
[EventDate "2001.09.22"]
[Source "ChessBase"]
[SourceDate "2001.10.26"]

1. e4 e6 2. d4 d5 3. Nc3 Bb4 4. Bd3 c5 5. dxc5 dxe4 6. Bxe4 Qxd1+ 7. Kxd1 Nf6 8. Bd3 Bxc5 9. Ke2 Nc6 10. Nf3 Bd7 11. a3 Ng4 12. Ne4 Be7 13. Nc3 O-O-O 14. Rd1 f5 15. h3 Nge5 16. Nxe5 Nxe5 17. Bb5 Bxb5+ 18. Nxb5 Rxd1 19. Kxd1 a6 20. Nc3 Bf6 21. Ke1 g5 22. Rb1 Ng6 23. Nd1 Nh4 24. Kf1 Rd8 25. Be3 Kc7 26. g3 Nf3 27. a4 h5 28. Rc1 g4 29. h4 Kc6 30. c4 Be7 31. Nc3 Bc5 32. Nd5 Bxe3 33. Nxe3 a5 34. c5 Rd4 35. Kg2 Rxa4 36. Nc4 Ra2 37. b3 Nd4 38. Ne5+ Kd5 39. Ng6 e5 40. Re1 Re2 0-1

[Event "ADCF Masters"]
[Site "Abu Dhabi"]
[Date "2003.08.25"]
[Round "9"]
[White "Jobava, Baadur"]
[Black "Dizdar, Goran"]
[Result "1/2-1/2"]
[WhiteElo "2596"]
[BlackElo "2525"]
[PlyCount "158"]
[EventDate "2003.08.16"]
[Source "Roberto Alvarez"]
[SourceDate "2003.09.01"]

1. e4 e6 2. d4 d5 3. Nc3 Bb4 4. Qg4 Nf6 5. Qxg7 Rg8 6. Qh6 Rg6 7. Qe3 c5 8. Bd2 Nc6 9. Nge2 dxe4 10. Nxe4 cxd4 11. Nxf6+ Qxf6 12. Qd3 Bd7 13. Bxb4 Nxb4 14. Qd2 Nc6 15. Ng3 O-O-O 16. O-O-O Qe7 17. Re1 Rg5 18. Bd3 Ra5 19. a3 f6 20. Nf5 Qf8 21. Nxd4 Rxa3 22. Nb3 Rxb3 23. cxb3 Nb4 24. Re4 a5 25. Bc4 b5 26. Rd1 bxc4 27. Rxc4+ Bc6 28. Qxd8+ Qxd8 29. Rxd8+ Kxd8 30. Rh4 Bxg2 31. Kd2 Nd5 32. Rxh7 Ne7 33. Kc3 Ke8 34. Kc4 Nc6 35. h4 Kf8 36. Rc7 e5 37. h5 Nd4 38. Ra7 Bf1+ 39. Kc5 Nxb3+ 40. Kd6 Nd4 41. Rxa5 Kg7 42. Ra7+ Kh6 43. Rf7 Kg5 44. h6 Nf5+ 45. Kc5 Nxh6 46. Rf8 Ng4 47. b4 Nxf2 48. b5 Ne4+ 49. Kc6 Bxb5+ 50. Kxb5 Kf4 51. Kc4 f5 52. Kd3 Ng3 53. Kd2 Kf3 54. Ke1 e4 55. Ra8 f4 56. Ra2 e3 57. Ra4 Ne4 58. Kf1 Nf2 59. Ra3 Ng4 60. Ra2 Kg3 61. Ra8 f3 62. Rg8 Kf4 63. Rf8+ Ke4 64. Re8+ Kd3 65. Rd8+ Ke4 66. Re8+ Ne5 67. Ke1 Kf4 68. Rf8+ Kg3 69. Rg8+ Ng4 70. Kf1 e2+ 71. Ke1 Kf4 72. Re8 Ne5 73. Kd2 Ke4 74. Ke1 Kd4 75. Kf2 Kd5 76. Rd8+ Ke4 77. Re8 Kd4 78. Rd8+ Kc3 79. Re8 Kd4 1/2-1/2

[Event "Copenhagen BSF"]
[Site "Copenhagen"]
[Date "1995.??.??"]
[Round "5"]
[White "Hector, Jonny"]
[Black "Hansen, Lars Bo"]
[Result "0-1"]
[WhiteElo "2540"]
[BlackElo "2580"]
[PlyCount "84"]
[EventDate "1995.03.??"]
[Source "ChessBase"]

1. e4 e6 2. d4 d5 3. Nc3 Bb4 4. Qd3 dxe4 5. Qxe4 Nf6 6. Qh4 Bd7 7. Bd3 Bc6 8. Nge2 Nbd7 9. O-O Qe7 10. Bb5 Bxb5 11. Nxb5 Bd6 12. c4 a6 13. Nxd6+ cxd6 14. Nc3 Rc8 15. b3 O-O 16. Ba3 Rfd8 17. Qg3 Nf8 18. f4 Ng6 19. Rae1 Qd7 20. Qh3 b5 21. d5 bxc4 22. dxe6 fxe6 23. Rxe6 cxb3 24. f5 Nf8 25. Rxf6 gxf6 26. Ne4 Qa7+ 27. Kh1 Qd4 28. Qxb3+ d5 29. Qg3+ Kh8 30. Nd6 Rc7 31. Qb3 Rg7 32. Rg1 Qe5 33. Qb6 Rdd7 34. Bc5 Rg8 35. Qxa6 Rdg7 36. Qd3 Nd7 37. Bb4 Qf4 38. a3 Ne5 39. Qxd5 Ng4 40. g3 Nf2+ 41. Kg2 Rxg3+ 42. hxg3 Rxg3+ 0-1

[Event "Campionato europeo 2007"]
[Site "Dresda GER"]
[Date "2007.04.06"]
[Round "4.28"]
[White "Jovanovic, Zoran"]
[Black "Vaganian, Rafael"]
[Result "1/2-1/2"]
[WhiteElo "2529"]
[BlackElo "2590"]
[PlyCount "31"]
[EventDate "2007.04.03"]
[Source "www.chesslib.no"]
[SourceDate "2004.05.04"]

1. e4 e6 2. d4 d5 3. Nc3 Bb4 4. Bd3 dxe4 5. Bxe4 Nf6 6. Bf3 O-O 7. Nge2 e5 8. O-O Bxc3 9. Nxc3 exd4 10. Nb5 c5 11. Bf4 a6 12. Nd6 Nc6 13. c3 Be6 14. Bxc6 bxc6 15. cxd4 cxd4 16. Qxd4 1/2-1/2

[Event "SWE-chT 9899"]
[Site "?"]
[Date "1999.??.??"]
[Round "9"]
[White "Hector Jonny"]
[Black "Lyrberg Patrik"]
[Result "1-0"]
[WhiteElo "2629"]
[BlackElo "2485"]
[PlyCount "79"]
[EventDate "1999.??.??"]
[Source "www.chesslib.no"]
[SourceDate "2004.05.04"]

1. e4 e6 2. d4 d5 3. Nc3 Bb4 4. Qd3 Ne7 5. Nge2 O-O 6. a3 Ba5 7. b4 Bb6 8. g3 e5 9. dxe5 Nbc6 10. Bf4 dxe4 11. Qxd8 Rxd8 12. Bg2 Ng6 13. Bxe4 Ncxe5 14. Nd5 Bg4 15. Nxb6 axb6 16. Bxe5 Nxe5 17. f4 Nc4 18. Bd3 Nb2 19. Nc1 c5 20. bxc5 bxc5 21. Be2 Bxe2 22. Kxe2 Rd7 23. Rb1 Nc4 24. Nd3 Nxa3 25. Rbc1 b6 26. Ne5 Re7 27. Kf3 f6 28. Nd3 Rae8 29. Rhe1 Rxe1 30. Nxe1 Nc4 31. Nd3 Ra8 32. Re1 Kf7 33. Rc1 Ra2 34. Ke4 Na3 35. Ne1 Rb2 36. Kd5 Nb5 37. Nd3 Ra2 38. Kc6 Nd4+ 39. Kxb6 c4 40. Nb4 1-0

[Event "FRA-chT"]
[Site "France"]
[Date "2002.05.04"]
[Round "11.3"]
[White "Fressinet, Laurent"]
[Black "Hamdouchi, Hichem"]
[Result "1-0"]
[WhiteElo "2591"]
[BlackElo "2522"]
[PlyCount "77"]
[EventDate "2002.02.01"]
[Source "ChessBase"]
[SourceDate "2002.07.08"]

1. e4 e6 2. d4 d5 3. Nc3 Bb4 4. Bd3 dxe4 5. Bxe4 Nf6 6. Bf3 O-O 7. Nge2 Nbd7 8. a3 Bd6 9. Bg5 c6 10. O-O Qc7 11. h3 h6 12. Bh4 Re8 13. Re1 e5 14. Ne4 Nxe4 15. Bxe4 Nf8 16. Qd3 Be6 17. Rad1 Qb6 18. b4 exd4 19. Nxd4 Be7 20. Bxe7 Rxe7 21. c4 Rae8 22. c5 Qc7 23. Bf3 Bc8 24. Rxe7 Rxe7 25. Qd2 Ng6 26. Qc3 Nh4 27. Be2 Nf5 28. Bf1 Nxd4 29. Rxd4 Be6 30. Rd6 Rd7 31. Qd4 Rxd6 32. cxd6 Qb6 33. Qe5 Qd8 34. Bd3 Qf6 35. d7 Qd8 36. Bf5 Bxd7 37. Qd6 g6 38. Bxd7 Qg5 39. Bc8 1-0

[Event "XV Sigeman & Co"]
[Site "Malmo SVE"]
[Date "2007.04.20"]
[Round "3"]
[White "Hector, J."]
[Black "Berg, E."]
[Result "0-1"]
[WhiteElo "2537"]
[BlackElo "2574"]
[PlyCount "142"]
[EventDate "2007.04.18"]
[Source "www.chesslib.no"]
[SourceDate "2004.05.04"]

1. e4 e6 2. d4 d5 3. Nc3 Bb4 4. Qd3 Ne7 5. Bd2 Nd7 6. O-O-O O-O 7. a3 Bxc3 8. Bxc3 dxe4 9. Qxe4 Nf6 10. Qe5 Ng6 11. Qe1 Qd5 12. h4 Rd8 13. Nf3 b6 14. b3 Bb7 15. Bc4 Qd6 16. h5 Nf4 17. Ne5 Qxa3+ 18. Bb2 Qe7 19. g3 Bxh1 20. Qxh1 N4d5 21. h6 g6 22. Be2 Nd7 23. Nc6 Qg5+ 24. Kb1 Re8 25. c4 N5f6 26. Ne7+ Kf8 27. Bc1 Qa5 28. Nc6 Qf5+ 29. Bd3 Qh5 30. Qxh5 Nxh5 31. g4 Nhf6 32. g5 Nh5 33. Be4 f6 34. Ba3+ Kf7 35. d5 Nc5 36. Bxc5 bxc5 37. d6 cxd6 38. Rxd6 fxg5 39. Ne5+ Kf6 40. Ng4+ Ke7 41. Ra6 Nf6 42. Nxf6 Kxf6 43. Bxa8 Rxa8 44. Rc6 g4 45. Rxc5 g5 46. Ra5 Kg6 47. b4 Rf8 48. Ra2 Kxh6 49. c5 Kg6 50. c6 h5 51. b5 h4 52. Rxa7 h3 53. Re7 Kf6 54. Rh7 Rb8 55. Kc2 Rxb5 56. c7 Rc5+ 57. Kd3 Kg6 58. Re7 Kf6 59. Rh7 Rc6 60. Kd4 Kg6 61. Re7 Kf6 62. Rh7 Rc1 63. Ke3 Kg6 64. Kd2 Rc5 65. Re7 g3 66. fxg3 h2 67. Rxe6+ Kh5 68. Re7 Kg4 69. Rh7 Kxg3 70. Rh5 Rxc7 71. Rxg5+ Kh4 0-1

[Event "Kiev"]
[Site "Kiev UKR"]
[Date "1978.??.??"]
[Round "4"]
[White "Kuzmin, Gennadi P"]
[Black "Savon, Vladimir A"]
[Result "1/2-1/2"]
[WhiteElo "2560"]
[BlackElo "2550"]
[PlyCount "24"]
[EventDate "1978.??.??"]
[Source "www.chesslib.no"]
[SourceDate "2004.05.04"]

1. e4 e6 2. d4 d5 3. Nc3 Bb4 4. Bd3 dxe4 5. Bxe4 Nf6 6. Bf3 Nc6 7. Nge2 e5 8. O-O Nxd4 9. Nxd4 exd4 10. Nb5 c6 11. Qxd4 Qxd4 12. Nxd4 O-O 1/2-1/2

[Event "Dos Hermanas 87/282"]
[Site "?"]
[Date "2003.??.??"]
[Round "?"]
[White "Campora, D."]
[Black "Rustemov, A."]
[Result "0-1"]
[WhiteElo "2505"]
[BlackElo "2604"]
[PlyCount "82"]
[EventDate "2003.??.??"]
[Source "Chess Informant"]
[SourceDate "2003.02.01"]

1. e4 e6 2. d4 d5 3. Nc3 Bb4 4. Qg4 Nf6 5. Qxg7 Rg8 6. Qh6 c5 7. e5 cxd4 8. a3 Bf8 9. Qxf6 Qxf6 10. exf6 dxc3 11. Ne2 Nd7 12. Nxc3 a6 13. Be3 Nxf6 14. Na4 Nd7 15. O-O-O b5 16. Nb6 Rb8 17. Nxc8 Rxc8 18. f4 Bc5 19. Bxc5 Nxc5 20. g3 Ke7 21. Be2 f5 22. Rhg1 Ne4 23. Rg2 Kd6 24. Rdg1 Rg6 25. Bh5 Rg7 26. Bf3 a5 27. g4 Rgc7 28. gxf5 exf5 29. Kb1 b4 30. a4 Rc4 31. Bd1 Rd4 32. Rg7 Nf2 33. Bh5 Rxf4 34. Rxh7 Ne4 35. Be2 Rf2 36. Bd3 Nc5 37. Bb5 Ne4 38. Bd3 Ke5 39. h4 b3 40. c3 Rd2 41. Ba6 Rg8 0-1

[Event "Hungary HUN"]
[Site "?"]
[Date "2006.04.09"]
[Round "10"]
[White "Varga Zoltan"]
[Black "Berkes Ferenc"]
[Result "1-0"]
[WhiteElo "2515"]
[BlackElo "2593"]
[PlyCount "93"]
[EventDate "2006.??.??"]
[Source "www.chesslib.no"]
[SourceDate "2004.05.04"]

1. e4 e6 2. d4 d5 3. Nc3 Bb4 4. a3 Bxc3+ 5. bxc3 Ne7 6. Bd3 dxe4 7. Bxe4 Nd7 8. Bg5 h6 9. Bd2 Nf6 10. Bd3 O-O 11. Qf3 Qd5 12. Rb1 Qa2 13. Rc1 Ng6 14. Bxh6 e5 15. Be3 Qxa3 16. Ne2 e4 17. Bxe4 Bg4 18. Qg3 Bxe2 19. Bxg6 Bc4 20. Bd3 Qxc3+ 21. Ke2 Nd5 22. Rhd1 Rae8 23. Kf1 Re6 24. Kg1 Rfe8 25. h3 b5 26. Bd2 Qxd4 27. Be3 Rxe3 28. fxe3 Rxe3 29. Qf2 Bxd3 30. Rxd3 Rxd3 31. cxd3 Qxd3 32. Qxa7 b4 33. Qb8+ Kh7 34. Qe8 Qd4+ 35. Kh1 Qf4 36. Re1 c5 37. Qe2 Qf5 38. Rf1 Nf4 39. Qf3 g5 40. h4 c4 41. hxg5 c3 42. Qe3 Nd5 43. Qe1 Qxg5 44. Rxf7+ Kg6 45. Rf3 Qe7 46. Qg3+ Kh7 47. Qh3+ 1-0

[Event "Lvov zt"]
[Site "Lvov"]
[Date "1978.??.??"]
[Round "8"]
[White "Kuzmin, Gennadi P"]
[Black "Vaganian, Rafael A"]
[Result "1/2-1/2"]
[WhiteElo "2535"]
[BlackElo "2570"]
[PlyCount "23"]
[EventDate "1978.04.??"]
[Source "ChessBase"]

1. e4 e6 2. d4 d5 3. Nc3 Bb4 4. Bd3 dxe4 5. Bxe4 Nf6 6. Bf3 Nc6 7. Nge2 e5 8. O-O Nxd4 9. Nxd4 exd4 10. Nb5 c6 11. Qxd4 Qxd4 12. Nxd4 1/2-1/2

[Event "Wijk aan Zee NED"]
[Site "Wijk aan Zee NED"]
[Date "1990.??.??"]
[Round "?"]
[White "Anand, Viswanathan"]
[Black "Van der Wiel, John T H"]
[Result "1-0"]
[WhiteElo "2555"]
[BlackElo "2550"]
[PlyCount "33"]
[EventDate "1990.??.??"]
[Source "www.chesslib.no"]
[SourceDate "2004.05.04"]

1. e4 e6 2. d4 d5 3. Nc3 Bb4 4. Qd3 dxe4 5. Qxe4 Nf6 6. Qh4 c5 7. dxc5 Nd5 8. Qxd8+ Kxd8 9. Nge2 Nd7 10. Bd2 N5f6 11. c6 bxc6 12. a3 Be7 13. Nd4 Bb7 14. Be2 Nd5 15. Ne4 f5 16. Ng5 Bxg5 17. Bxg5+ 1-0